[Event "EU-ch Seniors (Women) 12th"]
[Site "Kaunas"]
[Date "2012.08.24"]
[Round "7"]
[White "Polyakova, Natalia"]
[Black "Fatalibekova, Elena"]
[Result "0-1"]
[WhiteElo "2066"]
[BlackElo "2273"]
[PlyCount "86"]
[EventDate "2012.08.18"]
[EventType "swiss"]
[EventRounds "9"]
[EventCountry "LTU"]
[SourceTitle "CBM 150 Extra"]
[Source "ChessBase"]
[SourceDate "2012.10.19"]
[SourceVersion "1"]
[SourceVersionDate "2012.10.19"]
[SourceQuality "1"]

1. d4 g6 2. c4 c5 3. d5 Bg7 4. Nc3 d6 5. e4 Nf6 6. Nf3 0-0 7. Be2 e5 8. dxe6 fxe6 9. e5 Ne8 10. Bg5 Qd7 11. exd6 Nxd6 12. 0-0 Nc6 13. Qd2 Nf5 14. Rad1 Qxd2 15. Bxd2 b6 16. b3 Bb7 17. Nb5 Rae8 18. Rfe1 a6 19. Nc3 Ncd4 20. Nxd4 Bxd4 21. Bf1 Nh4 22. Re2 Bc6 23. Be1 b5 24. Ne4 b4 25. Kh1 Nf5 26. Rd3 a5 27. f3 a4 28. g4 Ng7 29. Bg2 axb3 30. axb3 Ra8 31. h4 e5 32. Kh2 Ne6 33. Rd1 Nf4 34. Rc2 Ra3 35. Rb1 Nxg2 36. Rxg2 Rxf3 37. Nd2 Rf4 38. Re2 Rxg4 39. Bg3 Ra2 40. Rbe1 Bc3 41. Nf1 Bxe1 42. Rxa2 Bxg3+ 43. Nxg3 Rxh4+ 0-1

[Event "Northwest FR-ch (Women)"]
[Site "St Petersburg"]
[Date "2008.03.25"]
[Round "6"]
[White "Inyakina, Alina"]
[Black "Polyakova, Natalia"]
[Result "1-0"]
[WhiteElo "1803"]
[BlackElo "2097"]
[PlyCount "87"]
[EventDate "2008.03.21"]
[EventType "swiss"]
[EventRounds "9"]
[EventCountry "RUS"]
[SourceTitle "EXT 2022"]
[Source "ChessBase"]
[SourceDate "2021.10.06"]
[SourceVersion "1"]
[SourceVersionDate "2021.10.06"]
[SourceQuality "1"]

1. d4 d5 2. c4 Bf5 3. cxd5 Bxb1 4. Qa4+ c6 5. Rxb1 Qxd5 6. f3 e5 7. dxe5 Nd7 8. e4 Qxe5 9. Ne2 Nc5 10. Qd4 Qe6 11. Nc3 Rd8 12. Qe3 a5 13. Be2 Nf6 14. 0-0 Bd6 15. Kh1 0-0 16. b3 b5 17. Bb2 Rfe8 18. Rbe1 Qe7 19. Bd1 b4 20. Ne2 Nh5 21. g3 Bc7 22. Nd4 Qd7 23. Kg2 Be5 24. Nf5 Nd3 25. Bxe5 Nxe1+ 26. Qxe1 Qd2+ 27. Kg1 Rxe5 28. f4 Nxf4 29. gxf4 Qxe1 30. Rxe1 Ree8 31. e5 g6 32. Ng3 f5 33. Bf3 Rd4 34. Ne2 Rd2 35. Rc1 Rxa2 36. Rxc6 g5 37. Bd5+ Kh8 38. Ng3 gxf4 39. Nxf5 Rd2 40. Bf7 Red8 41. Nd6 Kg7 42. Rc7 R8xd6 43. exd6 Rxd6 44. Bc4+ 1-0

[Event "Northwest FR-ch (Women)"]
[Site "St Petersburg"]
[Date "2008.03.23"]
[Round "3"]
[White "Polyakova, Natalia"]
[Black "Cherepova, Barbara"]
[Result "1-0"]
[WhiteElo "2097"]
[BlackElo "2006"]
[PlyCount "65"]
[EventDate "2008.03.21"]
[EventType "swiss"]
[EventRounds "9"]
[EventCountry "RUS"]
[SourceTitle "EXT 2022"]
[Source "ChessBase"]
[SourceDate "2021.10.06"]
[SourceVersion "1"]
[SourceVersionDate "2021.10.06"]
[SourceQuality "1"]

1. d4 f5 2. g4 fxg4 3. h3 d6 4. hxg4 Bxg4 5. Qd3 Qd7 6. Rxh7 Rxh7 7. Qg6+ Kd8 8. Qxh7 Nf6 9. Qh8 Ke8 10. f3 Bf5 11. e4 Bg6 12. Nc3 Nc6 13. Bh3 e6 14. Be3 Qf7 15. 0-0-0 Na5 16. d5 e5 17. Be6 Qe7 18. Nh3 Bf7 19. Ng5 Bxe6 20. Nxe6 Nc4 21. Bg5 Qf7 22. Rh1 Kd7 23. Qh3 Ke8 24. Nb5 Rb8 25. Nexc7+ Kd8 26. Ne6+ Ke7 27. b3 Nb6 28. a4 a6 29. Nbc7 Nbd7 30. Be3 Rc8 31. a5 Qg6 32. Nxf8 Rxf8 33. Qe6+ 1-0

[Event "Northwest FR-ch (Women)"]
[Site "St Petersburg"]
[Date "2008.03.21"]
[Round "1"]
[White "Polyakova, Natalia"]
[Black "Monina, Polina"]
[Result "0-1"]
[WhiteElo "2097"]
[BlackElo "1871"]
[PlyCount "62"]
[EventDate "2008.03.21"]
[EventType "swiss"]
[EventRounds "9"]
[EventCountry "RUS"]
[SourceTitle "EXT 2022"]
[Source "ChessBase"]
[SourceDate "2021.10.06"]
[SourceVersion "1"]
[SourceVersionDate "2021.10.06"]
[SourceQuality "1"]

1. d4 d5 2. Bf4 Bf5 3. c4 dxc4 4. Nc3 Nf6 5. f3 c6 6. e4 Be6 7. a4 g6 8. g4 Bg7 9. h4 Qa5 10. h5 gxh5 11. g5 Nfd7 12. Rxh5 Na6 13. Nge2 Nb4 14. Ng3 Bxd4 15. g6 Qb6 16. a5 Bf2+ 17. Ke2 Qd4 18. g7 Rg8 19. Rxh7 0-0-0 20. Nh5 Nd3 21. Bg5 f6 22. Bh6 Bf7 23. a6 Bxh5 24. axb7+ Kxb7 25. Qa4 Qb6 26. b4 Bd4 27. Ra3 Bxc3 28. Be3 Bxf3+ 29. Kxf3 N7e5+ 30. Ke2 Bd4 31. Bh6 Bg1 0-1

[Event "Pardubice opB"]
[Site "Pardubice"]
[Date "2004.??.??"]
[Round "4"]
[White "Mrkonjic, Nenad"]
[Black "Polyakova, Natalia"]
[Result "1-0"]
[WhiteElo "2344"]
[BlackElo "2154"]
[PlyCount "115"]
[EventDate "2004.07.??"]
[EventType "swiss"]
[EventRounds "7"]
[EventCountry "CZE"]
[SourceTitle "EXT 2005"]
[Source "ChessBase"]
[SourceDate "2004.11.15"]
[SourceVersion "1"]
[SourceVersionDate "2004.11.15"]
[SourceQuality "1"]

1. c4 Nf6 2. d4 g6 3. Nc3 Bg7 4. Nf3 0-0 5. e4 d6 6. Be2 Nc6 7. 0-0 e5 8. dxe5 dxe5 9. Qxd8 Rxd8 10. Bg5 Re8 11. Rad1 Bg4 12. Nd2 Bxe2 13. Nxe2 Nd7 14. Nc3 h6 15. Be3 Nf8 16. Nb3 b6 17. c5 Rad8 18. Nd5 Ne6 19. cxb6 cxb6 20. f3 Ncd4 21. Nc1 Kf8 22. Nd3 Rc8 23. Rd2 Nc2 24. Bf2 h5 25. Rc1 Ned4 26. Rb1 Bh6 27. Rdd1 Rc4 28. Nf6 Re6 29. Nd7+ Ke8 30. N7xe5 Ra4 31. Kf1 Ne3+ 32. Bxe3 Bxe3 33. b3 Rxa2 34. Nc4 Nc2 35. Rb2 Rxb2 36. Ndxb2 Bf4 37. g3 Ne3+ 38. Nxe3 Bxe3 39. Nc4 Bc5 40. Rd5 Ke7 41. h3 f6 42. g4 hxg4 43. hxg4 a6 44. g5 Bb4 45. gxf6+ Kxf6 46. Ke2 b5 47. Ne3 Rc6 48. Rd7 a5 49. Rb7 Rc5 50. Nd5+ Ke5 51. Kd3 Be1 52. f4+ Kd6 53. Rg7 a4 54. bxa4 bxa4 55. Rxg6+ Kd7 56. Ra6 Ba5 57. Kd4 Rb5 58. Kc4 1-0

[Event "RUS-ch (Women) 1st League"]
[Site "Serpukhov"]
[Date "2003.02.25"]
[Round "6"]
[White "Polyakova, Natalia"]
[Black "Erdineeva, Tatiana"]
[Result "1/2-1/2"]
[WhiteElo "2205"]
[BlackElo "2054"]
[PlyCount "134"]
[EventDate "2003.02.20"]
[EventType "swiss"]
[EventRounds "9"]
[EventCountry "RUS"]
[SourceTitle "EXT 2004"]
[Source "ChessBase"]
[SourceDate "2003.11.25"]
[SourceVersion "1"]
[SourceVersionDate "2003.11.25"]
[SourceQuality "1"]

1. d4 d6 2. Nf3 Nf6 3. b3 Bg4 4. Nbd2 Nbd7 5. Bb2 e6 6. h3 Bh5 7. e4 Be7 8. Bd3 c6 9. c4 Bg6 10. Qe2 Qc7 11. 0-0 0-0 12. e5 Bxd3 13. Qxd3 dxe5 14. dxe5 Nc5 15. Qe3 Nfd7 16. Rad1 a5 17. Rfe1 Rfd8 18. Bd4 b6 19. Ne4 Nxe4 20. Qxe4 a4 21. Qc2 Ra6 22. Bc3 axb3 23. axb3 Rda8 24. Rd2 Nf8 25. Red1 b5 26. Qe4 b4 27. Bd4 Ra3 28. Qc2 Qa5 29. Be3 Bc5 30. Qd3 Qb6 31. Bxc5 Qxc5 32. Qc2 h6 33. Qb1 Qa5 34. Qd3 Ng6 35. Qe3 Ra1 36. Kh2 Rxd1 37. Rxd1 Qc7 38. Kg1 Ra5 39. Re1 Ra8 40. Rd1 Ra5 41. Re1 Qa7 42. Qxa7 Rxa7 43. Nd4 c5 44. Nb5 Ra2 45. g3 Ne7 46. Nd6 Nc6 47. Nb7 Nd4 48. Re3 Ra1+ 49. Kh2 Ra2 50. Kg2 Rb2 51. Nxc5 g5 52. Rd3 Nc6 53. Nd7 Kg7 54. Kf3 Kg6 55. Ke3 Kf5 56. g4+ Kg6 57. f4 gxf4+ 58. Kxf4 Rf2+ 59. Kg3 Re2 60. Kf4 Rf2+ 61. Ke4 Re2+ 62. Re3 Rd2 63. Nc5 Rd4+ 64. Kf3 h5 65. gxh5+ Kxh5 66. Kg3 Rd1 67. Nd3 Rb1 1/2-1/2

[Event "Marianske Lazne op"]
[Site "Marianske Lazne"]
[Date "2003.??.??"]
[Round "8.6"]
[White "Joachimiak, Roman"]
[Black "Polyakova, Natalia"]
[Result "1/2-1/2"]
[WhiteElo "2091"]
[BlackElo "2205"]
[PlyCount "32"]
[EventDate "2003.01.25"]
[EventType "swiss"]
[EventRounds "9"]
[EventCountry "CZE"]
[SourceTitle "CBM 092 Extra"]
[Source "ChessBase"]
[SourceDate "2003.03.07"]
[SourceVersion "1"]
[SourceVersionDate "2003.03.07"]
[SourceQuality "1"]

1. d4 d5 2. Bf4 Bf5 3. c3 c6 4. Qb3 Qb6 5. Nd2 e6 6. g3 Nd7 7. Bg2 Ngf6 8. Ngf3 h6 9. h4 Be7 10. 0-0 Ne4 11. Nxe4 Bxe4 12. Nd2 Bxg2 13. Kxg2 g5 14. hxg5 hxg5 15. Be3 Qxb3 16. axb3 a6 1/2-1/2

[Event "RUS-chT1 (Women)"]
[Site "Protvino"]
[Date "2001.??.??"]
[Round "7"]
[White "Polyakova, Natalia"]
[Black "Baikova, Irina"]
[Result "1-0"]
[WhiteElo "2202"]
[BlackElo "2094"]
[PlyCount "65"]
[EventDate "2001.02.??"]
[EventType "team"]
[EventRounds "9"]
[EventCountry "RUS"]
[SourceTitle "EXT 2002"]
[Source "ChessBase"]
[SourceDate "2001.11.25"]
[SourceVersion "1"]
[SourceVersionDate "2001.11.25"]
[SourceQuality "1"]

1. d4 d5 2. Bf4 Bf5 3. e3 Nf6 4. c4 c6 5. Nc3 e6 6. Qb3 Qb6 7. c5 Qxb3 8. axb3 Nbd7 9. b4 Nh5 10. b5 Nxf4 11. exf4 g6 12. Nf3 Bg7 13. Kd2 f6 14. b4 Bh6 15. g3 Bg4 16. Bg2 g5 17. fxg5 Bxf3 18. Bxf3 Bxg5+ 19. Kc2 e5 20. Rhe1 0-0 21. bxc6 bxc6 22. Nxd5 cxd5 23. Bxd5+ Kg7 24. Bxa8 Rxa8 25. f4 Bh6 26. fxe5 fxe5 27. c6 Nf6 28. Rxe5 Kf7 29. b5 Ng4 30. Rc5 Bf8 31. Rc3 Bg7 32. b6 Bxd4 33. Rxa7+ 1-0

[Event "RUS-ch49 (Women)"]
[Site "Moscow"]
[Date "1999.05.27"]
[Round "11"]
[White "Polyakova, Natalia"]
[Black "Lundina, Aelita"]
[Result "1-0"]
[WhiteElo "2218"]
[BlackElo "2220"]
[PlyCount "45"]
[EventDate "1999.05.??"]
[EventType "swiss"]
[EventRounds "9"]
[EventCountry "RUS"]
[SourceTitle "CBM 070 Extra"]
[Source "ChessBase"]
[SourceDate "1999.07.10"]
[SourceVersion "1"]
[SourceVersionDate "1999.07.10"]
[SourceQuality "1"]

1. d4 Nf6 2. c4 g6 3. Nf3 Bg7 4. g3 d6 5. Bg2 0-0 6. 0-0 Nbd7 7. Nc3 e5 8. h3 c6 9. e4 Qb6 10. dxe5 dxe5 11. Qc2 Ne8 12. Be3 Qc7 13. Nd2 f5 14. f4 exf4 15. Bxf4 Qb6+ 16. Kh2 Ndf6 17. Nb3 Nxe4 18. Nxe4 fxe4 19. c5 Qa6 20. Bxe4 Nf6 21. Bd3 Qa4 22. Bd6 Re8 23. Rf4 1-0

[Event "RUS-ch49 (Women)"]
[Site "Moscow"]
[Date "1999.05.26"]
[Round "10"]
[White "Verevotchkina, Elena"]
[Black "Polyakova, Natalia"]
[Result "0-1"]
[WhiteElo "2150"]
[BlackElo "2218"]
[PlyCount "82"]
[EventDate "1999.05.??"]
[EventType "swiss"]
[EventRounds "9"]
[EventCountry "RUS"]
[SourceTitle "CBM 070 Extra"]
[Source "ChessBase"]
[SourceDate "1999.07.10"]
[SourceVersion "1"]
[SourceVersionDate "1999.07.10"]
[SourceQuality "1"]

1. d4 d5 2. e3 Bf5 3. c4 e6 4. Qb3 Nc6 5. Bd2 Rb8 6. Nf3 Nf6 7. Nh4 Bxb1 8. Rxb1 Ne4 9. Nf3 Nxd2 10. Nxd2 Bb4 11. Qc2 0-0 12. Bd3 g6 13. 0-0 Bxd2 14. Qxd2 e5 15. Be2 exd4 16. exd4 dxc4 17. d5 Ne5 18. f4 Nd3 19. Qa5 c5 20. Qxd8 Rbxd8 21. Bf3 Nxf4 22. Rfd1 Rd6 23. Rd2 Re8 24. Rc1 b5 25. h3 Nd3 26. Rc3 Re1+ 27. Kh2 Ne5 28. Be2 a5 29. a4 b4 30. Rcc2 c3 31. bxc3 b3 32. Rb2 c4 33. Rd4 Rc1 34. Bxc4 Rc2 35. Re4 Nxc4 36. Rxb3 Nd2 37. Re8+ Kg7 38. Rb5 Rxc3 39. Re5 Rd3 40. Re7 R3xd5 41. Ra7 Rf5 0-1

[Event "RUS-ch49 (Women)"]
[Site "Moscow"]
[Date "1999.05.17"]
[Round "3"]
[White "Polyakova, Natalia"]
[Black "Kulish, Irina"]
[Result "0-1"]
[WhiteElo "2218"]
[BlackElo "2280"]
[PlyCount "78"]
[EventDate "1999.05.??"]
[EventType "swiss"]
[EventRounds "9"]
[EventCountry "RUS"]
[SourceTitle "CBM 070 Extra"]
[Source "ChessBase"]
[SourceDate "1999.07.10"]
[SourceVersion "1"]
[SourceVersionDate "1999.07.10"]
[SourceQuality "1"]

1. d4 e6 2. g3 Nf6 3. Bg2 d5 4. Nf3 b6 5. 0-0 Bb7 6. b3 Be7 7. Bb2 0-0 8. Nbd2 c5 9. Re1 Nbd7 10. Rc1 b5 11. c4 bxc4 12. bxc4 Rc8 13. Qa4 cxd4 14. Bxd4 Nc5 15. Qb4 Ba8 16. Qb2 Qa5 17. Rb1 Rfd8 18. Red1 Na4 19. Qb3 Ne4 20. Nxe4 dxe4 21. Ne1 Qa6 22. e3 Nc5 23. Qb2 f6 24. Bf1 Qc6 25. Qb5 Qc7 26. Bxc5 Bxc5 27. Rxd8+ Rxd8 28. Qb2 Bb6 29. Qc2 Qd6 30. Qb3 Bc6 31. Nc2 Kf7 32. Nb4 Ba8 33. Rc1 Qc5 34. Na6 Qc8 35. c5 Ba5 36. Nb4 Bxb4 37. Qxb4 Bd5 38. Bc4 Qc6 39. Bxd5 exd5 0-1

[Event "RUS-ch49 (Women)"]
[Site "Moscow"]
[Date "1999.05.15"]
[Round "1"]
[White "Polyakova, Natalia"]
[Black "Kosteniuk, Alexandra"]
[Result "1-0"]
[WhiteElo "2218"]
[BlackElo "2329"]
[PlyCount "74"]
[EventDate "1999.05.??"]
[EventType "swiss"]
[EventRounds "9"]
[EventCountry "RUS"]
[SourceTitle "CBM 070 Extra"]
[Source "ChessBase"]
[SourceDate "1999.07.10"]
[SourceVersion "1"]
[SourceVersionDate "1999.07.10"]
[SourceQuality "1"]

1. d4 g6 2. Nc3 Bg7 3. Nf3 d6 4. g3 Bg4 5. Bg2 Nc6 6. 0-0 Qc8 7. d5 Ne5 8. Nxe5 Bxe5 9. Qd3 h5 10. h4 Bg7 11. Bg5 Nf6 12. Ne4 Nh7 13. Be3 0-0 14. c3 Bf5 15. Bd4 c5 16. Bxg7 Kxg7 17. c4 Qd7 18. Qc3+ Kg8 19. Nd2 b5 20. e4 Bg4 21. e5 Rab8 22. Rfe1 Rfd8 23. e6 fxe6 24. dxe6 Qc8 25. b3 Nf8 26. Bd5 bxc4 27. Nxc4 Nh7 28. Qe3 Nf6 29. Qh6 Bf5 30. Rad1 Ng4 31. Qg5 Qc7 32. f3 Nf6 33. g4 hxg4 34. fxg4 Nxg4 35. h5 Nf6 36. hxg6 Bg4 37. Qh6 Bxd1 1-0

[Event "Pardubice Czech op"]
[Site "Pardubice"]
[Date "1998.??.??"]
[Round "1"]
[White "Horak, Michal"]
[Black "Polyakova, Natalia"]
[Result "0-1"]
[WhiteElo "2340"]
[BlackElo "2190"]
[PlyCount "74"]
[EventDate "1998.07.??"]
[EventType "swiss"]
[EventRounds "9"]
[EventCountry "CZE"]
[SourceTitle "EXT 2000"]
[Source "ChessBase"]
[SourceDate "1999.11.16"]
[SourceVersion "1"]
[SourceVersionDate "1999.11.16"]
[SourceQuality "1"]

1. e4 d5 2. exd5 Qxd5 3. Nc3 Qa5 4. d4 Nf6 5. Nf3 Bg4 6. h3 Bh5 7. g4 Bg6 8. Ne5 e6 9. Bg2 Be4 10. 0-0 Bxg2 11. Kxg2 Nbd7 12. Qf3 c6 13. Bf4 Nxe5 14. dxe5 Nd7 15. Rfe1 Bb4 16. Rad1 Bxc3 17. Qxc3 Qxc3 18. bxc3 h6 19. g5 hxg5 20. Bxg5 Rh5 21. h4 Nf8 22. Re4 Nh7 23. Be3 b6 24. Kg3 c5 25. a4 Rd8 26. Rb1 Kd7 27. a5 Kc6 28. axb6 axb6 29. Ra4 Nf8 30. f4 Ng6 31. Ra7 Nxh4 32. Kg4 Rdh8 33. Ra6 Nf5 34. Raxb6+ Kd5 35. Bf2 Rh2 36. Rf1 R8h3 37. Rb7 Rxc3 0-1

[Event "St Petersburg (Women)"]
[Site "St Petersburg"]
[Date "1998.??.??"]
[Round "2"]
[White "Polyakova, Natalia"]
[Black "Koroljova, Valerija"]
[Result "0-1"]
[WhiteElo "2215"]
[BlackElo "2195"]
[PlyCount "86"]
[EventDate "1998.??.??"]
[EventType "tourn"]
[EventRounds "11"]
[EventCountry "RUS"]
[SourceTitle "EXT 2000"]
[Source "ChessBase"]
[SourceDate "1999.11.16"]
[SourceVersion "1"]
[SourceVersionDate "1999.11.16"]
[SourceQuality "1"]

1. d4 d5 2. Nf3 Nf6 3. c4 e6 4. Nc3 c6 5. e3 Nbd7 6. Be2 dxc4 7. Bxc4 b5 8. Bd3 a6 9. 0-0 c5 10. a4 b4 11. Ne2 Bb7 12. a5 Rc8 13. Bd2 c4 14. Bc2 Bd6 15. Qe1 b3 16. Bb1 h5 17. Bb4 Bb8 18. Nc3 Bxf3 19. gxf3 Qc7 20. f4 g5 21. f3 gxf4 22. e4 Ba7 23. Ne2 Ne5 24. Qh4 Qd8 25. Qxf4 Nd3 26. Bxd3 cxd3 27. Nc3 Qxd4+ 28. Kh1 Rg8 29. Bd6 Nd7 30. Rad1 Rc6 31. Ba3 Bc5 32. Bxc5 Rxc5 33. Qd2 Ne5 34. Qf2 Qxf2 35. Rxf2 Rxa5 36. f4 Nc4 37. Rxd3 Ra1+ 38. Rd1 Rxd1+ 39. Nxd1 Ke7 40. Rf3 Rd8 41. Nf2 Rd2 42. Nd3 Kd6 43. e5+ Kd5 0-1

[Event "St Petersburg (Women)"]
[Site "St Petersburg"]
[Date "1998.??.??"]
[Round "4"]
[White "Polyakova, Natalia"]
[Black "Lagvilava, Genrieta"]
[Result "0-1"]
[WhiteElo "2215"]
[BlackElo "2260"]
[PlyCount "68"]
[EventDate "1998.??.??"]
[EventType "tourn"]
[EventRounds "11"]
[EventCountry "RUS"]
[SourceTitle "EXT 2000"]
[Source "ChessBase"]
[SourceDate "1999.11.16"]
[SourceVersion "1"]
[SourceVersionDate "1999.11.16"]
[SourceQuality "1"]

1. d4 f5 2. e4 fxe4 3. Nc3 Nf6 4. Bg5 Nc6 5. d5 Ne5 6. Qd4 Nf7 7. Bh4 c6 8. Bc4 Nd6 9. Bxf6 exf6 10. Bb3 Qb6 11. Qd2 c5 12. Qe2 f5 13. 0-0-0 Be7 14. f3 e3 15. Na4 Qa5 16. c4 f4 17. g3 0-0 18. gxf4 Nf5 19. Nh3 d6 20. Ng5 Bd7 21. Nc3 Bxg5 22. fxg5 Nd4 23. Rxd4 cxd4 24. Ne4 b5 25. Rd1 Qb6 26. Bc2 bxc4 27. Qxc4 Rxf3 28. Qe2 Bg4 29. Rg1 Rg3 30. Qe1 Rxg1 31. Qxg1 e2 32. Nf6+ gxf6 33. gxf6 Kf7 34. Bf5 Qc5+ 0-1

[Event "St Petersburg (Women)"]
[Site "St Petersburg"]
[Date "1998.??.??"]
[Round "1"]
[White "Polyakova, Natalia"]
[Black "Rakitskaja, Mariya"]
[Result "0-1"]
[WhiteElo "2215"]
[BlackElo "2160"]
[PlyCount "76"]
[EventDate "1998.??.??"]
[EventType "tourn"]
[EventRounds "11"]
[EventCountry "RUS"]
[SourceTitle "EXT 2000"]
[Source "ChessBase"]
[SourceDate "1999.11.16"]
[SourceVersion "1"]
[SourceVersionDate "1999.11.16"]
[SourceQuality "1"]

1. d4 Nf6 2. c4 e6 3. g3 Bb4+ 4. Bd2 Qe7 5. Bg2 Nc6 6. a3 Bxd2+ 7. Qxd2 d6 8. Nc3 0-0 9. e3 e5 10. Nd5 Qd8 11. Ne2 Bf5 12. 0-0 Ne4 13. Qd1 Ne7 14. Ndc3 Nxc3 15. Nxc3 c6 16. b4 Rc8 17. Rc1 f6 18. e4 Bg6 19. Bh3 Rc7 20. Qd2 Bf7 21. d5 cxd5 22. Nxd5 Bxd5 23. exd5 f5 24. c5 Ng6 25. cxd6 Rxc1 26. Qxc1 Qxd6 27. Qc5 Qd7 28. d6 Qe6 29. Rd1 Rd8 30. Bf1 Kh8 31. Qxa7 e4 32. Qxb7 Ne5 33. Qe7 Nf3+ 34. Kg2 Qc8 35. Rc1 Qa8 36. Rc7 Rg8 37. Bb5 Nd4 38. Ra7 Qd5 0-1

[Event "St Petersburg (Women)"]
[Site "St Petersburg"]
[Date "1998.??.??"]
[Round "10"]
[White "Polyakova, Natalia"]
[Black "Rubzova, Tatiana"]
[Result "1-0"]
[WhiteElo "2215"]
[BlackElo "2265"]
[PlyCount "59"]
[EventDate "1998.??.??"]
[EventType "tourn"]
[EventRounds "11"]
[EventCountry "RUS"]
[SourceTitle "EXT 2000"]
[Source "ChessBase"]
[SourceDate "1999.11.16"]
[SourceVersion "1"]
[SourceVersionDate "1999.11.16"]
[SourceQuality "1"]

1. d4 Nf6 2. Nf3 e6 3. g3 c5 4. c4 cxd4 5. Nxd4 a6 6. Bg2 Be7 7. 0-0 0-0 8. Nc3 Qc7 9. Be3 Qxc4 10. Rc1 Qb4 11. Na4 d5 12. Nf5 Nc6 13. Nxe7+ Qxe7 14. Bc5 Qd8 15. Bxf8 Kxf8 16. Nc5 Nd7 17. e4 Nxc5 18. exd5 exd5 19. Rxc5 Qe7 20. Rxd5 Be6 21. Re1 Bxd5 22. Rxe7 Nxe7 23. Bxd5 Rd8 24. Qb3 Nxd5 25. Qxb7 Rd6 26. Qb8+ Ke7 27. Qh8 Nf6 28. Qxg7 Rd1+ 29. Kg2 Rd2 30. Qg5 1-0

[Event "St Petersburg (Women)"]
[Site "St Petersburg"]
[Date "1998.??.??"]
[Round "5"]
[White "Razuvajeva, Julia"]
[Black "Polyakova, Natalia"]
[Result "0-1"]
[WhiteElo "2115"]
[BlackElo "2215"]
[PlyCount "74"]
[EventDate "1998.??.??"]
[EventType "tourn"]
[EventRounds "11"]
[EventCountry "RUS"]
[SourceTitle "EXT 2000"]
[Source "ChessBase"]
[SourceDate "1999.11.16"]
[SourceVersion "1"]
[SourceVersionDate "1999.11.16"]
[SourceQuality "1"]

1. d4 d5 2. c4 Bf5 3. Nf3 e6 4. Nc3 c6 5. Bf4 Qb6 6. Qd2 Nf6 7. c5 Qd8 8. Rc1 Nbd7 9. e3 a5 10. h3 b6 11. cxb6 Qxb6 12. Nh4 Ne4 13. Nxe4 Bxe4 14. a3 Be7 15. Nf3 0-0 16. Be2 c5 17. 0-0 c4 18. Ne5 Nxe5 19. Bxe5 Bd6 20. f3 Bg6 21. Bxd6 Qxd6 22. e4 Rfb8 23. exd5 exd5 24. f4 Be4 25. Bf3 f5 26. Bxe4 fxe4 27. f5 Qf6 28. Kh1 Rb5 29. Rf2 Rab8 30. Rc2 a4 31. Qc3 h6 32. Qg3 Rb3 33. Qc7 e3 34. Rf3 Rxb2 35. Rxe3 Qxf5 36. Rxb2 Rxb2 37. Qd6 Qf1+ 0-1

[Event "RUS-ch (Women)"]
[Site "Elista"]
[Date "1997.09.29"]
[Round "11"]
[White "Polyakova, Natalia"]
[Black "Kozlovskaya, Valentina"]
[Result "1-0"]
[WhiteElo "2205"]
[BlackElo "2195"]
[PlyCount "113"]
[EventDate "1997.09.19"]
[EventType "swiss"]
[EventRounds "11"]
[EventCountry "RUS"]
[SourceTitle "EXT 1998"]
[Source "ChessBase"]
[SourceDate "1997.11.17"]
[SourceVersion "1"]
[SourceVersionDate "1997.11.17"]
[SourceQuality "1"]

1. Nf3 d6 2. c4 e5 3. d4 e4 4. Nfd2 f5 5. e3 Nf6 6. Nc3 c6 7. d5 Be7 8. f3 exf3 9. Nxf3 0-0 10. Bd3 Ng4 11. 0-0 Bf6 12. Qc2 g6 13. e4 f4 14. h3 Ne5 15. Ne2 g5 16. Nxe5 Bxe5 17. c5 f3 18. Rxf3 Rxf3 19. gxf3 Bxh3 20. Be3 Qf6 21. Kf2 g4 22. f4 Qh4+ 23. Kg1 Nd7 24. dxc6 bxc6 25. Bc4+ Kh8 26. Bf2 g3 27. Bxg3 Qh5 28. Kf2 Rf8 29. Rh1 Qg4 30. Ke1 Bg7 31. cxd6 Bg2 32. Rh4 Qf3 33. e5 Qe4 34. Qxe4 Bxe4 35. Nc3 Bf5 36. e6 Nb6 37. Bb3 Nc8 38. d7 Ne7 39. Rh2 Bf6 40. Rd2 Ng6 41. Ba4 Bxe6 42. Rd6 Nxf4 43. Bxf4 Bh4+ 44. Ke2 Bc4+ 45. Ke3 c5 46. Rc6 Rd8 47. Rxc5 Be6 48. Rc7 Be7 49. b3 Kg7 50. Ne4 Kg6 51. Rxa7 h5 52. Bb5 h4 53. Rc7 Rf8 54. Nc5 Bg4 55. Nb7 h3 56. Rc6+ Kh5 57. Rh6# 1-0

[Event "RUS-ch (Women)"]
[Site "Elista"]
[Date "1997.09.24"]
[Round "6"]
[White "Polyakova, Natalia"]
[Black "Minogina, Tamara"]
[Result "1/2-1/2"]
[WhiteElo "2205"]
[BlackElo "2255"]
[PlyCount "107"]
[EventDate "1997.09.19"]
[EventType "swiss"]
[EventRounds "11"]
[EventCountry "RUS"]
[SourceTitle "EXT 1998"]
[Source "ChessBase"]
[SourceDate "1997.11.17"]
[SourceVersion "1"]
[SourceVersionDate "1997.11.17"]
[SourceQuality "1"]

1. d4 d5 2. Nf3 c6 3. e3 Bg4 4. c4 e6 5. Qb3 Qc7 6. Nc3 Nf6 7. Bd2 Nbd7 8. Rc1 Qb6 9. Be2 Be7 10. h3 Bh5 11. 0-0 Ne4 12. Be1 f5 13. Qc2 Bxf3 14. Bxf3 0-0 15. Be2 Bg5 16. f4 Be7 17. Nxe4 fxe4 18. Bg4 Kf7 19. f5 Kg8 20. fxe6 Nf6 21. Be2 Rae8 22. Bh4 g6 23. cxd5 cxd5 24. Bxf6 Bxf6 25. Qc5 Qxe6 26. Bg4 Qf7 27. Qd6 Rd8 28. Qg3 Rfe8 29. Rc7 Re7 30. Rfc1 Rde8 31. h4 Kg7 32. h5 Bg5 33. Rxe7 Rxe7 34. hxg6 Qxg6 35. Bh3 h6 36. Rc5 Qf7 37. Qf2 b6 38. Rc6 Qh5 39. Bf5 Qd1+ 40. Kh2 Qh5+ 41. Kg1 Qd1+ 42. Kh2 Qh5+ 43. Bh3 Qf7 44. Qg3 Kh7 45. Bg4 Kg7 46. a4 Qe8 47. Rc8 Qf7 48. b4 Qg6 49. Bh3 Qh5 50. Qd6 Qf7 51. Qd8 Kg6 52. Bg4 Bxe3 53. Qh8 Qh7 54. Rg8+ 1/2-1/2

[Event "RUS-ch (Women)"]
[Site "Elista"]
[Date "1997.09.22"]
[Round "4"]
[White "Sirotkina, Nina"]
[Black "Polyakova, Natalia"]
[Result "1-0"]
[WhiteElo "2310"]
[BlackElo "2205"]
[PlyCount "35"]
[EventDate "1997.09.19"]
[EventType "swiss"]
[EventRounds "11"]
[EventCountry "RUS"]
[SourceTitle "EXT 1998"]
[Source "ChessBase"]
[SourceDate "1997.11.17"]
[SourceVersion "1"]
[SourceVersionDate "1997.11.17"]
[SourceQuality "1"]

1. d4 d5 2. c4 e6 3. Nf3 c6 4. Qc2 Nf6 5. Nbd2 Nbd7 6. g3 Be7 7. Bg2 0-0 8. 0-0 b6 9. e4 dxe4 10. Nxe4 Bb7 11. Nxf6+ Bxf6 12. Bf4 c5 13. Bd6 Be7 14. Ng5 Nf6 15. Bxb7 Bxd6 16. Bxa8 Qxa8 17. dxc5 Bxc5 18. Qe2 1-0